000 01167nam a2200265Ia 4500
003 OSt
005 20220923211219.0
006 a|||||r|||| 00| 0
007 ta
008 220922b |||||||| |||| 00| 0 hin d
020 _a9788126720941 (hbk)
_c600
024 _a263,640
037 _b1869, 16/07/2012, Kiran Book Service
_cTextual
040 _aARTS
_cARTS
_bhin
041 _2hin
_ahin
082 _aO152,6N38x, Q1
100 _aशर्मा, सुरेश, संपा.
_9156274
245 0 _aप्रभाड्ढ पर्व
_b प्रभाष जोशी की ज़िन्दगी और अनकी पत्रकारिता की दुनिया
246 _aPrabhāḍḍha parva: prabhāṣh joshī kī ज़indagī aur anakī patrakāritā kī duniyā
260 _aनयी दिल्ली
_b राजकमल प्रकाशन
_c2011
300 _a469पृ.
_ccm.
650 _aहिन्दी साहित्य
_9156264
942 _hO152,6N38x, Q1
_cTEXL
_2CC
999 _c297037
_d297037